Límites y garantías para la protección de las víctimas del conflicto armado interno de Colombia los últimos 20 años dentro del marco del Derecho Internacional Humanitario. (Registro nro. 714)
[ vista simple ]
| 000 -LEADER | |
|---|---|
| fixed length control field | 02717nmm a2200289 a 4500 |
| 003 - CONTROL NUMBER IDENTIFIER | |
| control field | CO-CtgCURN |
| 005 - DATE AND TIME OF LATEST TRANSACTION | |
| control field | 20250719151533.0 |
| 008 - FIXED-LENGTH DATA ELEMENTS--GENERAL INFORMATION | |
| fixed length control field | 240624s2024 xx f 000 0 und d |
| 040 ## - CATALOGING SOURCE | |
| Original cataloging agency | CO-CtgCURN |
| Language of cataloging | spa |
| Transcribing agency | coctgcurn |
| 082 ## - DEWEY DECIMAL CLASSIFICATION NUMBER | |
| Classification number | DER 2024 |
| Item number | A681 |
| 100 ## - MAIN ENTRY--PERSONAL NAME | |
| Personal name | Arenas Gravini, Andreis Judith |
| Relator term | autora |
| 9 (RLIN) | 9907 |
| 245 #0 - TITLE STATEMENT | |
| Title | Límites y garantías para la protección de las víctimas del conflicto armado interno de Colombia los últimos 20 años dentro del marco del Derecho Internacional Humanitario. |
| Medium | [electronic resource] / |
| Statement of responsibility, etc. | Andreis Judith Arenas Gravini; Andrea Carolina Ocampo Galvis; Oshany Alexa Watson Grinard; asesor., Helmer David Agualimpia Romero |
| 260 ## - PUBLICATION, DISTRIBUTION, ETC. | |
| Place of publication, distribution, etc. | Barranquilla, Atlántico : |
| Name of publisher, distributor, etc. | Corporación Universitaria Rafael Núñez, |
| Date of publication, distribution, etc. | 2024 |
| 300 ## - PHYSICAL DESCRIPTION | |
| Extent | 1 recurso en línea (31 páginas (PDF)) : |
| Other physical details | ilustraciones |
| 502 ## - DISSERTATION NOTE | |
| Dissertation note | Trabajo de Grado (Abogado). Corporación Universitaria Rafael Núñez. Facultad de Ciencias Sociales y Humanas. Programa de Derecho, 2024 |
| 504 ## - BIBLIOGRAPHY, ETC. NOTE | |
| Bibliography, etc. note | Incluye referencias bibliográficas |
| 520 ## - SUMMARY, ETC. | |
| Summary, etc. | Esta investigación se hizo con la finalidad de identificar y determinar ¿cómo se pueden salvaguardar los límites y las garantías para la protección de las víctimas del conflicto armado interno de Colombia los últimos 20 años dentro del marco del derecho internacional humanitario? Teniendo en cuenta que el conflicto armado en Colombia ha dejado un rastro de violencia y sufrimiento a lo largo de décadas, afectando a millones de personas, las víctimas del conflicto han sido uno de los grupos más vulnerables y afectados. A medida que el país ha avanzado en el proceso de paz, se han implementado diversas medidas para proteger y garantizar los derechos de estas personas a raíz del conflicto, pero, sin embargo, a pesar de estos esfuerzos, aún existen límites y desafíos en su protección efectiva como las personas desplazadas, las mujeres y los niños etc. Además, la falta de seguridad en algunas zonas del país dificulta la implementación de medidas de protección efectivas y la identificación de responsables de violaciones de derechos humanos. |
| 521 ## - TARGET AUDIENCE NOTE | |
| Target audience note | AREA PROFESIONAL |
| 590 ## - LOCAL NOTE (RLIN) | |
| Local note | Programa de Derecho_18 |
| 650 ## - SUBJECT ADDED ENTRY--TOPICAL TERM | |
| Topical term or geographic name entry element | Derecho |
| Form subdivision | Tesis y disertaciones académicas |
| 9 (RLIN) | 9908 |
| 700 ## - ADDED ENTRY--PERSONAL NAME | |
| Personal name | Agualimpia Romero, Helmer David |
| Relator term | asesor |
| 9 (RLIN) | 9909 |
| 700 ## - ADDED ENTRY--PERSONAL NAME | |
| Personal name | Ocampo Galvis, Andrea Carolina |
| Relator term | autora |
| 9 (RLIN) | 9910 |
| 700 ## - ADDED ENTRY--PERSONAL NAME | |
| Personal name | Watson Grinard, Oshany Alexa |
| Relator term | autora |
| 9 (RLIN) | 9911 |
| 856 ## - ELECTRONIC LOCATION AND ACCESS | |
| Uniform Resource Identifier | <a href="https://unicurn.sharepoint.com/:b:/s/biblioteca/EbdWPqyRlmZGr8kgITsIOWcB86a40LQg5y3r_TJWsYkkrw?e=j0iuyh">https://unicurn.sharepoint.com/:b:/s/biblioteca/EbdWPqyRlmZGr8kgITsIOWcB86a40LQg5y3r_TJWsYkkrw?e=j0iuyh</a> |
| Link text | Consulte aquí el texto completo |
| 942 ## - ADDED ENTRY ELEMENTS (KOHA) | |
| Koha item type | Trabajos de grado |
| Classification part | DER 2024 |
| Item part | A681 |
| Source of classification or shelving scheme | Dewey Decimal Classification |
| Suppress in OPAC | No |
| Withdrawn status | Lost status | Damaged status | Not for loan | Collection | Home library | Current library | Shelving location | Date acquired | Inventory number | Total checkouts | Full call number | Barcode | Date last seen | Copy number | Price effective from | Koha item type |
|---|---|---|---|---|---|---|---|---|---|---|---|---|---|---|---|---|
| Trabajos de grado | Miguel Henríquez Castañeda Barranquilla | Miguel Henríquez Castañeda Barranquilla | Trabajo de grado | 06/24/2024 | 05365 | DER 2024 A681 | 05365 | 06/24/2024 | ej.1 | 06/24/2024 | Trabajos de grado |